02735nam a22003497i 4500001000800000003001000008007000500018008004100023040003500064041000800099043000700107084000700114100003700121245007900158264001100237300004500248336002700293337003300320338002800353504004200381520169800423650002602121650002302147650002002170650001702190650002002207651001502227700002002242700002102262700002602283773007602309B-12613CO-BoFNCPt|| 090929s2008 my a f z eng d aCO-BoFNCPbspacCO-BoFNCPerda aeng amy aA-1 aChayawat, Nakharin,eautor.4aut02aA reviwe of 15 years of oil palm irrigation research in Southern Thailand. 4c©2008 apáginas 537-546 :bTablas, gráficos. atextobtxt2rdacontent asin mediaciónbn2rdamedia avolumenbnc2rdacarrier aIncluye referencias bibliográficas. aThe climate in Southern Thailand has a regular dry season, with three to four months of soil water deficit, and Univanich started commercial irrigation of oil palms in the late 1980s. Research trials have compared irrigation methods, quiantities of water applied, and interactions with fertilisers, and the responses of different breeding materials. A comparison of four irrigation methods (sprinkler, microsprayer, furrow and drip) showed no significant differences in yield responses, though there was a suggestion that drip might be superior to the other methods, and drip was also preferred on grounds of operating costs and ease of management. Some practical aspects of drip installation are discussed in the paper. There were significant irrigation x fertiliser interactions, and with increased fertiliser inputs, teh response to irrigation was more or less linear, reaching 10 tonnes FFB per hectare per year at 6.4 mm rainfall equivalent (450 litres/palm/day). The yield response to irrigation based on a calculated water deficit depended on the severity of the dry season. Response in any one year was related to teh water deficit in the first quarter of the year, and also to that two years earlier; a multiple regression explained 1 percent of the year-to-year variation in yield response. Results from progeny trials duplicated with and without irrigation show that some progenies appeared to be more sensitive to drought, and gave larger responses to irrigation, that others. This could give breeders the option of selecting drought tolerant material for planting in areas where irrigation is not possible, or irrigation-responsive material for sites where irrigation is intended. 0aDeficiencia hídrica 0aElaeis guineensis. 0aFertilización 0aIrrigación 0aPalma de aceite 0aTailandia.1 aClendon, J. H. 1 aCorley, R. H. V.1 aPalat, Tittinutchanon0 aThe Planter (Malasia)gv. 84, no. 989 (2008), p. 537-546wA-x0126-575x